00381 2200157 4500001002100000005001500021035002000036245003900056100001800095300002600113260002800139082000800167084001400175020002200189990001200211INLIS00000000000300520250918090833 a0010-09250003521 aThe Last Memories /cPark Jung Hye0 aPark Jung Hye a172 hlm ;c13 x 19 cm aJakarta :bZettu,c2012 a813 a813 PAR t a978-602-1827-12-3 a0755628